| 000 | 00000nam##2200000za#4500 |
| 001 | 9.609882 |
| 003 | CaOODSP |
| 005 | 20200327114846 |
| 007 | ta |
| 008 | 150406|1991||||xxc||||| f|0| 0 eng|d |
| 022 | |a0706-6457 |
| 040 | |aCaOODSP|beng |
| 043 | |an-cn--- |
| 086 | 1 |aFs97-6/1794E |
| 110 | 1 |aCanada. |bDepartment of Fisheries and Oceans. |
| 245 | 10|aTowards assessing the effects of Lake Winnipeg regulation and Churchill River diversion on resource harvesting in native communities in northern Manitoba / |cby P. J. Usher and M. S. Weinstein. |
| 260 | |aOttawa - Ontario : |bFisheries and Oceans Canada |c1991. |
| 300 | |a69p. : |bgraphs, references, tables ; |c28 cm. + |e3 maps (in pocket). |
| 490 | 1 |aCanadian technical report of fisheries and aquatic sciences|x0706-6457|v1794 |
| 500 | |aErrata sheet inserted. Prepared in the Central and Arctic Region, Department of Fisheries and Oceans, Winnipeg, Manitoba R3T 2N6. |
| 546 | |aRésumés en français |
| 563 | |aSoftcover |
| 720 | 1 |aUsher, P. J. |
| 720 | 1 |aWeinstein, M. S. |
| 776 | 0#|tTowards assessing the effects of Lake Winnipeg regulation and Churchill River diversion on resource harvesting in native communities in northern Manitoba / |w(CaOODSP)9.573811 |
| 830 | #0|aCanadian technical report of fisheries and aquatic sciences,|x0706-6457|v1794|w(CaOODSP)9.514691 |